Normal view MARC view
  • Robertson, Christopher R.

Entry Personal Name

Number of records used in: 1

001 - CONTROL NUMBER

  • control field: 38645

003 - CONTROL NUMBER IDENTIFIER

  • control field: OSt

005 - DATE AND TIME OF LATEST TRANSACTION

  • control field: 20151103110301.0

008 - FIXED-LENGTH DATA ELEMENTS

  • fixed length control field: 151103|| aca||aabn | a|a d

040 ## - CATALOGING SOURCE

  • Original cataloging agency: OSt

100 10 - HEADING--PERSONAL NAME

  • Personal name: Robertson, Christopher R.

400 10 - SEE FROM TRACING--PERSONAL NAME

  • Personal name: Robertson, C. R.
  • Fuller form of name: (Christopher R.)